1988 1172 1585 1342 1421 1695 1565 1395 1248 1387 1203 1366 1284 1030 1730 1950 1763 1408 1806 1534 1750 1875 1192 1555 1823 1023 1769 1763 1642 1248 1042 1090 1320 1152 1248 1352 1915 1313 1496 1549 1810 1346 1963 1631 1902 1977 1076 1750 1564 1522 1589 1811 1099 1611 1992 1915 1732 1380 1369 1298 1889 1216 1341 1362 1869 1718 1757 1961 1652 1453 1731 1445 1628 1156 1836 1268 1730 1690 1451 1978 1935 1777 1223 1548 1308 1519 1368 1502 1789 1993 1114 1348 1746 1916 1088 1517 1588 1714 1031 BCNSPRNW ULIB Ver.6.0+V

เปลี่ยนเป็นภาษาไทย

Change to English
 แสดงรายละเอียดบรรณานุกรม
  กลับหน้าหลัก

Brief Record : Get Marc (ISO 2709) : E-mail record : QR code < ปิดหน้าต่าง
LEADER : 00000nam 2200000uu 4500
001    13399122926
003     ULIB
008    131030s2003||||th 000 0 eng d
020    ^a9241545879
060  4 ^aWQ300^bM266
245 00 ^aManaging complications in pregnancy and childbirth :^ba guide for midwives and doctors /^cWorld Health Organization, Dept. of Reproductive Health and Research
246 30 At head of title :^aIntegrated management of pregnancy and childbirth
260    ^aGeneva :^bWorld Health Organization, Dept. of Reproductive Health and Research,^c2003
500    ^aSend to Single Search
650  0 ^aPregnancy^vHandbooks, manuals, etc
650  0 ^aChildbirth^vHandbooks, manuals, etc
650  2 ^aPregnancy Complications^xdiagnosis^vHandbooks
650  2 ^aDelivery, Obstetric^xmethods^vHandbooks
650  2 ^aLabor, Obstetric^vHandbooks
650  2 ^aPregnancy Complications^xtherapy^vHandbooks
710 20 ^aWorld Health Organization.^bReproductive Health and Research
945    ^p0^l0^i034146
999    ^aเกษร โพธิ์สุวรรณ
รายการนี้ยังไม่มีแท็ก
คุณยังไม่ได้ล็อกอิน คุณสามารถมีกิจกรรมร่วมกับเว็บไซต์ได้ แต่ต้องล็อกอินก่อน ::
  ล็อกอิน

รายการสื่อสารสนเทศ

ลำดับที่ ประเภท เลขเรียก/บาร์โค้ด สถานที่ สถานะ
1. วิทยาศาสตร์การแพทย์ และสุขภาพ
วิทยาศาสตร์การแพทย์ และสุขภาพ
WQ300 M266  
  Barcode: 034146
ห้องสมุดวิทยาเขตสวรรค์ประชารักษ์
►หนังสือทั่วไป
บนชั้น

BibComment


ยังไม่เคยถูกคอมเมนท์

คอมเมนท์ทรัพยากรรายการนี้
  คอมเมนท์: Managing complic..


 Copyright 2026. Bcnsprnw @Library